A közlekedési bűncselekmények minősítései és elhatárolási kérdései

Elmentve itt :
Bibliográfiai részletek
Szerző: Lukács Levente János
További közreműködők: Törő Sándor (Témavezető)
Dokumentumtípus: Szakdolgozat
Megjelent: 2006
Tárgyszavak:
Online Access:http://diploma.bibl.u-szeged.hu/29667
LEADER 00614nta a2200157 i 4500
001 dipl29667
005 20110722115021.0
008 110722s2006 hu om 0|| zxx d
040 |a SZTE Diploma Repozitórium  |b hun 
041 |a zxx 
100 1 |a Lukács Levente János 
245 1 2 |a A közlekedési bűncselekmények minősítései és elhatárolási kérdései  |h [elektronikus dokumentum] /  |c Levente János Lukács 
260 |c 2006 
650 4 |a Jogi és igazgatási tanulmányok 
700 1 |a Törő Sándor  |e ths 
856 4 0 |u http://diploma.bibl.u-szeged.hu/id/eprint/29667/1/2006_lukacs_levente_janos_209.pdf  |z Dokumentum-elérés